000 00159nam a22000857a 4500
082 _a823
100 _aTERRY DEARY
245 _aTHE MEASLY MIDDLE AGES
942 _cBK
999 _c8422
_d8422